Library Banner

Background of Pakistan United States relations/ (Record no. 109415)

MARC details
000 -LEADER
fixed length control field 00389nam a22001337a 4500
005 - DATE AND TIME OF LATEST TRANSACTION
control field 20181206102053.0
008 - FIXED-LENGTH DATA ELEMENTS--GENERAL INFORMATION
fixed length control field 181206b ||||| |||| 00| 0 eng d
040 ## - CATALOGING SOURCE
Transcribing agency PK-LaUMT
082 ## - DEWEY DECIMAL CLASSIFICATION NUMBER
Classification number RHC 327.5491073
Item number MAR-B
100 ## - MAIN ENTRY--PERSONAL NAME
Personal name Marghoob Siddiqui
245 ## - TITLE STATEMENT
Title Background of Pakistan United States relations/
Statement of responsibility, etc Marghoob Siddiqui
260 ## - PUBLICATION, DISTRIBUTION, ETC. (IMPRINT)
Place of publication, distribution, etc Lahore:
Name of publisher, distributor, etc University of the Punjab
942 ## - ADDED ENTRY ELEMENTS (KOHA)
Koha item type Books
Holdings
Withdrawn status Lost status Damaged status Home library Current library Date acquired Full call number Barcode Date last seen Price effective from Koha item type
      UMT Main Campus UMT Main Campus 2018-12-06 RHC 327.5491073 MAR-B 126731 2018-12-06 2018-12-06 Books